000 00895cam a2200265Ia 4500
008
020 _a8170005388 (hbk.)
049 _aMAIN
090 _aZ701
_bPRE
245 0 0 _aPreservation of library, archival and digital documents :
_bproblems and perspectives /
_c[edited by] L.S. Ramaiah, G. Sujatha.
260 _aNew Delhi :
_bEss Ess Publications,
_c2008.
300 _axxxiv, 499 p. :
_bill. ;
_c23 cm.
504 _aIncludes bibliographic references.
500 _aIncludes index.
650 0 _aArchival materials
_xConservation and restoration.
650 0 _aLibrary materials
_xConservation and restoration.
650 0 _aDigital preservation.
700 1 _aRamaiah, L.S.
700 1 _aSujatha, G.
907 _a.b10302980
_b22-05-13
_c28-10-11
003
005 20230123125338.0
040 _cNUST
942 _cBOOKS
_kZ701
_mPRE
999 _c139941
_d139941